Filozofia A-Z - Statystyki

Ogólne statystyki
  • Ten quiz został rozwiązany 60 razy
  • Średni wynik to 13 z 26
Statystyki odpowiedzi
Opis Odpowiedź Litera alfabetu % Poprawnych
Państwo będące kolebką filozofii europejskiej Grecja G
96%
Doktryna społeczno-polityczna postrzegającawolność jako najwyższą wartość Liberalizm L
85%
Idea filozoficzna według której głównym źródłemludzkiego poznania jest doświadczenie Empiryzm E
83%
Doktryna polityczna głosząca konieczność rezygnacjize struktur władzy, w szczególności z państwa Anarchizm A
76%
Nazwisko jednego z najbardziej wpływowych filozofów w historii, autora m.in "Krytyki czystego rozumu" Kant K
74%
Teoria filozoficzna i psychologiczna porzucającaanalizę stanów psychicznych człowieka, skupiająca się na jego zachowaniu Behawioryzm B
70%
Ideologia polityczna mieszcząca się pomiędzylewicą a prawicą, głosząca potrzebę kompromisu Centryzm C
67%
Pogląd filozoficzny negujący istnienie obiektywnychwartości, sensu istnienia i w skrajnej formie głoszący nieistnienie świata jako takiego Nihilizm N
67%
W tłumaczeniu "pusta tablica", przeciwieństwo natywizmu Tabula rasa T
67%
Postmodernizm jest nurtem, którego początki datujesię na drugą połowę ━ wieku XX X
67%
Tytułowy bohater jednej z książek Nietzschego, prorok,głosił nadejście nadczłowieka Zaratustra Z
61%
Koncepcja etyczna zakładająca, że działanie jest moralne wtedy, gdy przynosi jak najwięcej korzyści i szczęścia światu Utylitaryzm U
59%
Inaczej metafizyka Ontologia O
54%
Po angielsku "Wolter" Voltaire V
52%
Pełne imię i nazwisko znanego angielskiego filozofa,przedstawiciela empiryzmu, jednego z autorów koncepcji umowy społecznej John Locke J
48%
Koncepcja wywodząca się z filozofii wschodniej, sąto dwie komplementarne ze sobą siły, mające być gwarantem i symbolem balansu we wszechświecie Yin i Yang Y
46%
Prawo jest ━━━━, jeśli jest przesadnie surowei barbarzyńskie Drakońskie D
43%
Nazywany przez Karla Poppera pierwszym totalitarystą Platon P
37%
Doktryna metafizyczna zakładająca, że rzeczywistośćzbudowana jest z jednej, podstawowej zasady Monizm M
35%
Nazwisko francuskiego filozofa, autora książek takichjak: "Nadzorować i karać" i "Narodziny biopolityki" Foucault F
33%
Inaczej wewnętrzny, konieczny, stanowiący integralną część czegoś Immanentny I
26%
Według Nietzschego jest to uczucie żywione przez"niewolników" w stosunku do "panów" Resentyment R
22%
Skrajna postać empiryzmu Sensualizm S
20%
Koncepcja w filozofii nauki głosząca, że zdanie jestnaukowe tylko wtedy, gdy można je empirycznie potwierdzić Weryfikacjonizm W
13%
Między innymi jest to skrót myślowy, podatny na presupozycje i błędy logiczne, pozwalający na szybkie podejmowanie decyzji. Heurystyka H
11%
Nazwisko amerykańskiego filozofa analitycznego,autora słynnego dzieła "Słowo i Przedmiot" Quine Q
9%
Nie znaleziono quizów pasujących do podanych kryteriów
Rozkład punktacji
Procent ludzi z każdym wynikiem
Percentyl według liczby udzielonych odpowiedzi
Twoja historia wyników
Nie rozwiązałeś tego quizu